[Event "60th NY Masters"]
[Site "New York USA"]
[Date "2003.06.10"]
[Round "4"]
[White "Yudasin,L"]
[Black "Nakamura,H"]
[Result "1-0"]
[WhiteElo "2558"]
[BlackElo "2561"]

1.e4 c5 2.Nf3 d6 3.Bc4 e6 4.O-O Nf6 5.Re1 a6 6.Bb3 Nc6 7.c3 d5 8.exd5 Nxd5
9.d4 cxd4 10.Nxd4 Nde7 11.Be3 Nxd4 12.Qxd4 Qxd4 13.Bxd4 b5 14.Nd2 Nc6 15.Be3 Bb7
16.Ne4 Na5 17.Bc2 Nc4 18.Bc1 Rc8 19.Bd3 h6 20.Bf1 Be7 21.a3 O-O 22.Ng3 Nb6
23.Bd3 Rfd8 24.Bc2 a5 25.Nf1 Rd7 26.Ne3 Rcd8 27.h3 Bc6 28.Bd1 e5 29.Bg4 Rb7
30.Nf5 Bf6 31.Ng3 Na4 32.Nh5 Be7 33.Rxe5 g6 34.Ng3 h5 35.Be2 Bf6 36.Bg5 Bxe5
37.Bxd8 f6 38.Bxa5 Nxb2 39.Rb1 Na4 40.c4 h4 41.Nf1 Bc3 42.Bb4 bxc4 43.Bxc4+ Kg7
44.Ne3 Be4 45.Rb3 Bd4 46.Bd5 Bxd5 47.Nxd5 Rd7 48.Ne3 Rc7 49.Rb1 Nb2 50.Kf1 f5
51.Bd6 Rc6 52.Bb4 f4 53.Ng4 Rc2 54.Be7 Kf7 55.Bxh4 Nc4 56.Rd1 Bc5 57.Bg5 Bd6
58.Rd4 Ke6 59.Bxf4 Bxa3 60.Ne3 Rc1+ 61.Ke2 Nb6 62.Rd1 Rc8 63.h4 Bc5 64.Rc1 Nd7
65.g3 Ra8 66.Rc2 Kf7 67.Ng4 Re8+ 68.Kf3 Re6 69.Rd2 Ke8 70.Rd5 Be7 71.h5 gxh5
72.Rxh5 Ra6 73.Rh8+ Bf8 74.Bh6 Kf7 75.Bxf8 Nxf8 76.Rh5 Ra3+ 77.Kg2 Ra4 78.Kh3 Ne6
79.Rf5+ Kg7 80.f3 Ra2 81.Ne5 Ra7 82.g4 Nd4 83.Rf4 Ne6 84.Rc4 Ra5 85.Nc6 Ra3
86.Kg3 Ng5 87.Rf4 Ra1 88.Rf5 Ne6 89.Ra5 Rg1+ 90.Kf2 Rc1 91.Ne5 Kf6 92.Nd3 Rc3
93.Rf5+ Kg7 94.Ne5 Rc7 95.Nd3 Rc3 96.Ke3 Ra3 97.g5 Ra4 98.f4 Ra3 99.Rd5 Kf7
100.Ke4 Ra7 101.Nc5 Nf8 102.f5 Ke7 103.Ke5 Ra1 104.Rd4 Ra5 105.Rd5 Ra1 106.Ne4 Re1
107.Kf4 Rf1+ 108.Ke3 Re1+ 109.Kf3 Rf1+ 110.Ke2 Ra1 111.Re5+ Kf7 112.Nd6+ Kg8
113.Kf3 Nh7 114.Re8+ Kg7 115.Re7+ Kg8 116.g6 Nf6 117.Rf7 Nd5 118.Ne4 Ra3+
119.Kf2 Ra2+ 120.Ke1 Ra4 121.Nf6+ Nxf6 122.Rxf6 Ra7 123.Kf2 Kg7 124.Rb6 Kh6
125.Rb8 Kg7 126.Kf3 Kh6 127.Rh8+ Kg5 128.Rf8 Kh6 129.Kf4 Ra4+ 130.Ke5 Ra5+
131.Ke6 Ra6+ 132.Kf7 Ra7+ 133.Kg8 Rg7+ 134.Kh8 Ra7 135.g7  1-0

[Event "31st World Open"]
[Site "Philadelphia USA"]
[Date "2003.07.01"]
[Round "2"]
[White "Nakamura,H"]
[Black "Benen,S"]
[Result "0-1"]
[WhiteElo "2561"]
[BlackElo "2251"]

1.d4 Nf6 2.c4 Nc6 3.Nf3 e6 4.a3 d6 5.Nc3 g6 6.d5 Ne7 7.g3 Bg7 8.Bg2 O-O 9.O-O a6
10.Ne1 Rb8 11.e4 c5 12.f4 b5 13.e5 Ne8 14.Be3 Nf5 15.Bf2 bxc4 16.Qe2 Nd4
17.Qxc4 Rxb2 18.Bxd4 cxd4 19.Qxd4 dxe5 20.fxe5 exd5 21.Nxd5 Re2 22.Nf3 Bb7
23.Rfd1 Nc7 24.Nf4 Qxd4+ 25.Nxd4 Rb2 26.Bxb7 Rxb7 27.Nc6 Ne6 28.Nd5 Kh8 29.Rab1 Rd7
30.Nf6 Rc7 31.Rb6 Rfc8 32.Nd4 Nxd4 33.Rxd4 Bf8 34.Rbd6 Rc1+ 35.Kg2 Bxd6 36.exd6 R1c2+
37.Kh3 Kg7 38.Nd5 Rd8 39.Nb4 Rc3 40.Nxa6 Rxa3 41.Nc5 Ra5 42.Ne4 Re5 43.g4 f5
44.gxf5 gxf5 45.Nd2 Kf6 46.Kg3 Ke6 47.Rh4 Rxd6 48.Rh6+ Kd7 49.Rxh7+ Re7 50.Rxe7+ Kxe7
51.Nf3 Kf6 52.h3 Ra6 53.Ne1 Ke5 54.Nd3+ Ke4 55.Nf2+ Ke3 56.Nd1+ Kd2 57.Nb2 Kc2
58.Kf4 Kxb2 59.Kxf5 Rh6 60.Kg4 Kc3 61.h4 Kd4 62.Kg5 Rh8 63.h5 Ke5 64.Kg6 Ke6
65.h6 Rg8+ 66.Kh7 Rg1 67.Kh8 Kf7 68.h7 Kg6 69.Kg8 Kh6+ 70.Kh8 Ra1  0-1

[Event "31st World Open"]
[Site "Philadelphia USA"]
[Date "2003.07.02"]
[Round "3"]
[White "Tsiganov,I1"]
[Black "Nakamura,H"]
[Result "1/2-1/2"]
[WhiteElo "2250"]
[BlackElo "2561"]

1.d4 Nf6 2.Nf3 g6 3.c4 Bg7 4.Nc3 O-O 5.e4 d6 6.Be2 Na6 7.O-O e5 8.Be3 Ng4
9.Bg5 Qe8 10.d5 f5 11.Nd2 Nf6 12.f3 h6 13.Be3 f4 14.Bf2 g5 15.c5 Nxc5 16.b4 Na6
17.Bxa6 bxa6 18.Qe2 Qg6 19.Rfc1 Rf7 20.b5 axb5 21.Nxb5 Ba6 22.Rc6 Bxb5 23.Qxb5 g4
24.Kh1 Bf8 25.Qb7 Re8 26.Bxa7 Rg7 27.Qb3 h5 28.a4 Ra8 29.Bg1 h4 30.fxg4 h3
31.Qf3 hxg2+ 32.Qxg2 Nxg4 33.a5 Qh6 34.a6 Nf6 35.Qf3 Nh5 36.Bf2 Ng3+ 37.Bxg3 fxg3
38.Qg2 Ra7 39.Rac1 Qh4 40.h3 Qg5  1/2-1/2

[Event "31st World Open"]
[Site "Philadelphia USA"]
[Date "2003.07.05"]
[Round "7"]
[White "Klein,Ere"]
[Black "Nakamura,H"]
[Result "1/2-1/2"]
[WhiteElo "2291"]
[BlackElo "2561"]

1.d4 Nf6 2.c4 g6 3.Nc3 Bg7 4.e4 d6 5.Be2 O-O 6.Nf3 e5 7.Be3 Na6 8.O-O Ng4
9.Bg5 Qe8 10.dxe5 dxe5 11.h3 f6 12.Bd2 Nh6 13.Rb1 c6 14.b4 Nf7 15.Be3 Qe7
16.Qb3 Re8 17.b5 Nc5 18.Qb4 Bf8 19.Nd2 f5 20.bxc6 bxc6 21.exf5 gxf5 22.Bxc5 Qxc5
23.Qxc5 Bxc5 24.Na4 Bd6 25.Nb3 Bc7 26.Rfc1 Rb8 27.Bf3 e4 28.Bh5 Rd8 29.Be2 Ne5
30.Nac5 Kf7 31.Rd1 Nd7 32.Nxd7 Rxd7 33.Rxd7+ Bxd7 34.Rd1 Bc8 35.Kf1 Ke7 36.g4 a5
37.Nd4 Kf6 38.Nxc6 Rb2 39.Na7 Be6 40.gxf5 Bxf5 41.Bg4 Bxg4 42.hxg4 Bb6 43.Nb5 Ke5
44.Rd5+ Kf4 45.Rf5+ Kxg4 46.Rf7 h5 47.Nc3 e3 48.fxe3 Bxe3 49.Nd1 Rb1 50.Ke2 Bc5
51.Nc3 Rb2+ 52.Kd3 Bb4 53.Rg7+ Kf5 54.Ne4 h4 55.Rh7 Be1 56.c5 Rb1 57.c6 Rc1
58.c7 Kg6 59.Re7 Bb4 60.Nd2 Rc5 61.Ne4 Rc1 62.Nd2 Rc3+ 63.Kd4 Rc5 64.Nc4 h3  1/2-1/2

[Event "63rd NY Masters"]
[Site "New York USA"]
[Date "2003.07.08"]
[Round "3"]
[White "Nakamura,H"]
[Black "Wojtkiewicz,A"]
[Result "1-0"]
[WhiteElo "2568"]
[BlackElo "2543"]

1.e4 c5 2.Nf3 d6 3.d4 cxd4 4.Nxd4 Nf6 5.Nc3 a6 6.Be3 e6 7.f3 b5 8.g4 Nfd7
9.Qd2 Nb6 10.O-O-O N8d7 11.Ndxb5 axb5 12.Nxb5 Ba6 13.Nxd6+ Bxd6 14.Qxd6 Nc4
15.Bxc4 Bxc4 16.Rd4 Be2 17.a4 e5 18.Rb4 Qe7 19.Qxe7+ Kxe7 20.f4 exf4 21.Bxf4 Bxg4
22.Rg1 h5 23.b3 Rhc8 24.Kb2 g6 25.Ra1 Ra5 26.Rd4 Rca8 27.Bd2 R5a6 28.a5 Ne5
29.Rd5 f6 30.Bc3 Be6 31.Rb5 Bd7 32.Rc5 Rc8 33.Rxc8 Bxc8 34.b4 Bd7 35.Bxe5 fxe5
36.c4 Be6 37.b5 Ra8 38.Kb3 Rc8 39.Rc1 g5 40.Kb4 g4 41.c5 h4 42.b6 Bd7 43.b7 Rb8
44.a6 Bc6 45.Ka5 Bxb7 46.axb7 Rxb7 47.c6  1-0

[Event "63rd NY Masters"]
[Site "New York USA"]
[Date "2003.07.08"]
[Round "4"]
[White "Blatny,P"]
[Black "Nakamura,H"]
[Result "1/2-1/2"]
[WhiteElo "2503"]
[BlackElo "2568"]

1.f4 Nf6 2.b3 g6 3.Bb2 Bg7 4.e3 O-O 5.Be2 c5 6.Nf3 Nc6 7.O-O d5 8.Ne5 Nxe5
9.Bxe5 Ne8 10.Bxg7 Nxg7 11.d4 Nf5 12.Qd2 Qb6 13.g4 cxd4 14.gxf5 dxe3 15.Qxd5 Bxf5
16.Na3 Rfd8 17.Qf3 Qc5 18.Nc4 Rd4 19.c3 Re4 20.Rad1 Rc8 21.b4 Qc7 22.Rd4 Re6
23.Rfd1 Rc6 24.b5 Rc5 25.Qxe3 b6 26.Qd2 Be6 27.Rd8+ Rxd8 28.Qxd8+ Qxd8 29.Rxd8+ Kg7
30.Ne5 Rxc3 31.Rd2 Ra3 32.Nc6 Kf6 33.Kf2 Rh3 34.Kg2 Ra3 35.Kf2 h5 36.h4 Ra4
37.Ke3 Ra3+ 38.Bd3 Bxa2 39.Ne5 Bb1 40.Kd4 Bxd3 41.Rxd3 Ra4+ 42.Ke3 Rb4 43.Rd5 Ke6
44.Nc6 Kxd5 45.Nxb4+ Kc5 46.Nc6 a5 47.Nxe7 a4 48.Kd3 Kxb5 49.f5 gxf5 50.Nxf5 Kc5
51.Ng3 Kd5 52.Nxh5 Ke5 53.Ng3 a3 54.Kc3 Kf4 55.Kb3 Kg4 56.h5 Kg5 57.Kxa3 f5
58.Nxf5 Kxf5 59.Kb4 b5 60.Kxb5 Kg5 61.Kc5 Kxh5  1/2-1/2

[Event "II American Continental"]
[Site "Buenos Aires ARG"]
[Date "2003.08.17"]
[Round "1"]
[White "Szmetan,R"]
[Black "Nakamura,H"]
[Result "0-1"]
[WhiteElo "2288"]
[BlackElo "2568"]

1.d4 Nf6 2.Nf3 g6 3.Bf4 Bg7 4.e3 O-O 5.Be2 d6 6.h3 Nbd7 7.O-O Qe8 8.Bh2 e5
9.c4 Qe7 10.Nc3 e4 11.Nd2 b6 12.b4 Bb7 13.a4 c5 14.bxc5 dxc5 15.d5 Ne8 16.Qc2 f5
17.a5 Nd6 18.Rab1 Ba6 19.Nb5 Bxb5 20.cxb5 Be5 21.Nc4 Bxh2+ 22.Kxh2 Ne5 23.Nxe5 Qxe5+
24.g3 g5 25.Qb2 Qxb2 26.Rxb2 c4 27.Rc1 Rfc8 28.Rbc2 a6 29.Bxc4 axb5 30.Bxb5 Rxc2
31.Rxc2 Nxb5 32.axb6 Nd6 33.Rc6 Rd8 34.g4 fxg4 35.hxg4 Kf8 36.Kg2 Ke7 37.f3 exf3+
38.Kxf3 Kf6 39.e4 Ke5 40.Rc7 Kd4  0-1

[Event "II American Continental"]
[Site "Buenos Aires ARG"]
[Date "2003.08.18"]
[Round "2"]
[White "Nakamura,H"]
[Black "Delgado,Al"]
[Result "1-0"]
[WhiteElo "2568"]
[BlackElo "2310"]

1.d4 Nf6 2.c4 c5 3.d5 e6 4.Nc3 exd5 5.cxd5 d6 6.e4 g6 7.f3 Bg7 8.Bg5 O-O
9.Qd2 a6 10.a4 Nbd7 11.Nh3 Qa5 12.Ra3 Re8 13.Nf2 Rb8 14.Be2 Qc7 15.O-O b6
16.f4 c4 17.b4 cxb3 18.Rxb3 Nc5 19.Rb4 Rb7 20.Bf3 Qb8 21.Re1 Nfd7 22.Ng4 f6
23.Bh4 Rc7 24.Bg3 a5 25.Rbb1 Ba6 26.f5 Rcc8 27.Be2 Qa8 28.Bxd6 Bxe2 29.Rxe2 Qa6
30.Bxc5 Nxc5 31.d6 gxf5 32.exf5 Rxe2 33.Nxe2 Qc4 34.Nf4 h5 35.Nf2 Rd8 36.Nxh5 Nxa4
37.Rc1 Rxd6 38.Rxc4 Rxd2 39.Rxa4 Kf7 40.Rc4 Bh6 41.Kf1 Be3 42.Rc7+ Kf8 43.Ne4 Rd5
44.g4 a4 45.Nexf6 Rd2 46.Nh7+ Kg8 47.N5f6+ Kh8 48.Nf8  1-0

[Event "II American Continental"]
[Site "Buenos Aires ARG"]
[Date "2003.08.22"]
[Round "5"]
[White "Roselli Mailhe,B"]
[Black "Nakamura,H"]
[Result "0-1"]
[WhiteElo "2440"]
[BlackElo "2568"]

1.e4 c5 2.Nc3 Nc6 3.g3 g6 4.Bg2 Bg7 5.d3 d6 6.f4 Nh6 7.Nf3 O-O 8.O-O f5 9.h3 Nf7
10.Be3 Nd4 11.Kh2 Bd7 12.Bg1 Bc6 13.Nxd4 cxd4 14.Ne2 e5 15.c3 dxc3 16.Nxc3 exf4
17.gxf4 fxe4 18.dxe4 g5 19.Bd4 Bxd4 20.Qxd4 gxf4 21.Rxf4 Ne5 22.Rxf8+ Qxf8
23.Qe3 Qe7 24.Rf1 b6 25.Qf4 Re8 26.Qf6 Nc4 27.Qxe7 Rxe7 28.Rd1 Re6 29.b3 Ne3
30.Rd3 Nxg2 31.Kxg2 Rxe4 32.Kf2 Re6 33.a4 Rf6+ 34.Kg3 Kf7 35.Ne2 Ke7 36.Nd4 Be4
37.Re3 d5 38.Nb5 Ke6 39.Nxa7 Ke5 40.Nb5 d4 41.Re1 Rf3+ 42.Kg4 Rxb3  0-1

[Event "II American Continental"]
[Site "Buenos Aires ARG"]
[Date "2003.08.29"]
[Round "11"]
[White "Morovic Fernandez,I"]
[Black "Nakamura,H"]
[Result "1/2-1/2"]
[WhiteElo "2573"]
[BlackElo "2568"]

1.d4 Nf6 2.Nf3 g6 3.g3 Bg7 4.Bg2 O-O 5.c4 d6 6.O-O Nc6 7.Nc3 Bg4 8.h3 Bxf3
9.Bxf3 Nd7 10.e3 e5 11.dxe5  1/2-1/2

[Event "79th NY Masters"]
[Site "New York USA"]
[Date "2003.10.28"]
[Round "2"]
[White "Nakamura,H"]
[Black "Wojtkiewicz,A"]
[Result "0-1"]
[WhiteElo "2565"]
[BlackElo "2571"]

1.e4 c5 2.Nf3 g6 3.d4 Bg7 4.Nc3 cxd4 5.Nxd4 Nc6 6.Be3 Nf6 7.Bc4 O-O 8.Bb3 a5
9.O-O Nxd4 10.Bxd4 d6 11.Qe2 Bd7 12.Rad1 a4 13.Bc4 Bc6 14.f4 Nd7 15.e5 dxe5
16.fxe5 e6 17.Bc5 Qa5 18.Bxf8 Rxf8 19.Bb5 Nxe5 20.Bxc6 bxc6 21.Ne4 Qb6+ 22.Qf2 Qxb2
23.c3 Qa3 24.h3 h6 25.Kh1 f5 26.Nc5 Re8 27.Na6 Qxc3 28.Nc7 Re7 29.Qa7 Kh7
30.Qb8 Nf7 31.Qc8 Qg3 32.Nxe6 Be5 33.Kg1 Qh2+ 34.Kf2 Qg3+ 35.Kg1 Qh2+ 36.Kf2 Bg3+
37.Kf3 Ne5+ 38.Ke3 Qxg2 39.Rd8 Qe4+ 40.Kd2 Nc4+ 41.Kc3 Be5+ 42.Nd4 Nb6 43.Qa6 Nd5+  0-1

[Event "79th NY Masters"]
[Site "New York USA"]
[Date "2003.10.28"]
[Round "3"]
[White "Sarkar,J"]
[Black "Nakamura,H"]
[Result "0-1"]
[WhiteElo "2369"]
[BlackElo "2565"]

1.d4 Nf6 2.c4 g6 3.Nc3 Bg7 4.e4 O-O 5.Bg5 d6 6.Qd2 c5 7.d5 a6 8.a4 e6 9.Bd3 exd5
10.exd5 Nbd7 11.f4 Qa5 12.Ra3 Nb6 13.Nge2 Bf5 14.O-O Qb4 15.Bxf6 Bxf6 16.a5 Nxc4
17.Bxc4 Qxc4 18.Ra4 Qd3 19.Qc1 Rfe8 20.Rf3 Qc2  0-1

[Event "79th NY Masters"]
[Site "New York USA"]
[Date "2003.10.28"]
[Round "4"]
[White "Becerra Rivero,J"]
[Black "Nakamura,H"]
[Result "1-0"]
[WhiteElo "2558"]
[BlackElo "2565"]

1.e4 c5 2.Nf3 e6 3.c4 a6 4.Nc3 Qc7 5.Be2 Nc6 6.d4 cxd4 7.Nxd4 Nf6 8.O-O Bb4
9.Nxc6 dxc6 10.Qd3 O-O 11.Rd1 e5 12.Bg5 Be7 13.Qg3 Re8 14.Rac1 b6 15.h4 Kh8
16.Be3 Bb7 17.f3 Nd7 18.Qf2 Bc5 19.Bxc5 Nxc5 20.b4 Ne6 21.Nd5 cxd5 22.cxd5 Qe7
23.dxe6 Qxe6 24.Rc7 Bc6 25.Qxb6 Qxa2 26.Qf2 Rec8 27.Rxc8+ Rxc8 28.Bf1 Qxf2+
29.Kxf2 Bb5 30.Bxb5 axb5 31.Rd5 f6 32.Rxb5 Rc2+ 33.Kg3 h5 34.Rb7 Rb2 35.b5 Kh7
36.b6 Kg6 37.Rb8 Kf7 38.Kh2 Rb1 39.b7 Kg6 40.g4 hxg4 41.fxg4 Rb2+ 42.Kg3 Rb3+
43.Kf2 Rb2+ 44.Ke3 Rb3+ 45.Kd2 Kh7 46.Kc2 Rb6 47.h5 Rb4 48.Kc3 Rb6 49.Kc4 Rb1
50.Kd5 Rd1+ 51.Ke6 Rb1 52.Kf7 Rb6 53.Ke7 Rb4 54.Kd6 Rb1 55.Ke6 Rb2 56.g5 fxg5
57.Kf5 Rb3 58.Kxg5 Rb4 59.Kf5 Rb5 60.Ke6 Rb1 61.Kxe5 Rb5+ 62.Ke6 g6 63.hxg6+ Kg7
64.e5 Rb1 65.Ke7 Rb5 66.e6 Rb1 67.Kd7 Rd1+ 68.Kc6  1-0

[Event "81st NY Masters"]
[Site "New York USA"]
[Date "2003.11.11"]
[Round "3"]
[White "Nakamura,H"]
[Black "Becerra Rivero,J"]
[Result "1/2-1/2"]
[WhiteElo "2565"]
[BlackElo "2558"]

1.d4 g6 2.e4 Bg7 3.Nc3 c6 4.f4 d5 5.e5 h5 6.Nf3 Nh6 7.Be3 Qb6 8.a3 Bg4 9.Na4 Qa5+
10.Qd2 Qxd2+ 11.Nxd2 Nd7 12.c4 O-O 13.cxd5 cxd5 14.Nc3 Be6 15.Bd3 Rac8 16.Ke2 Nb6
17.h3 Bf5 18.Rhc1 f6 19.Nf3 Bxd3+ 20.Kxd3 Nf5 21.Bd2 h4 22.b3 Rc6 23.a4 Rd8
24.a5 Nd7 25.Nb5 Rxc1 26.Rxc1 a6 27.Nc3 Nf8 28.Na4 Ne6 29.Nc5 Kf7 30.Nxe6 Kxe6
31.Rc7 Rd7 32.Rxd7 Kxd7 33.Be1 Bh6 34.Bxh4 Bxf4 35.exf6 exf6 36.Bxf6 Bc7
37.b4 Bd6 38.Kc3 Ng3 39.Be5 Ne4+ 40.Kb3 Be7 41.Bb8 Ke6 42.Ne5 g5 43.Nd3 Kf5
44.g4+ Ke6 45.Be5 Nd2+ 46.Kc3 Nf3 47.Bg3 Ng1 48.Kd2 Nxh3 49.Ke3 Kd7 50.Kf3 Kc6
51.Kg2 Nf4+ 52.Bxf4 gxf4 53.Kf3 Kb5 54.Kxf4 Kc4 55.Nc5 Kxd4 56.g5 Kc4 57.Kf5 Bxg5
58.Kxg5 Kxb4 59.Nxb7 Kb5  1/2-1/2

[Event "Open"]
[Site "Santo Domingo DOM"]
[Date "2003.11.30"]
[Round "4"]
[White "Nakamura,H"]
[Black "Dominiguez,JM"]
[Result "1-0"]
[WhiteElo "2565"]
[BlackElo "2313"]

1.d4 Nf6 2.c4 d6 3.Nc3 Nbd7 4.Nf3 e5 5.g3 Be7 6.Bg2 O-O 7.O-O c6 8.b4 Re8
9.Qb3 Bf8 10.Rd1 Qe7 11.a4 exd4 12.Nxd4 d5 13.cxd5 Qxb4 14.dxc6 Qxb3 15.Nxb3 bxc6
16.Bxc6 Rb8 17.Nd4 Bb7 18.Bxb7 Rxb7 19.Ba3 Nc5 20.e3 Nb3 21.Rab1 Bxa3 22.Rxb3 Rxb3
23.Nxb3 a6 24.Nd5 Nxd5 25.Rxd5 h6 26.Nd4 Rc8 27.Kg2 Bb4 28.Rd7 Rc3  1-0

[Event "Open"]
[Site "Santo Domingo DOM"]
[Date "2003.11.30"]
[Round "5"]
[White "Nakamura,H"]
[Black "Milov,V"]
[Result "0-1"]
[WhiteElo "2565"]
[BlackElo "2574"]

1.d4 Nf6 2.c4 e6 3.Nc3 Bb4 4.Qc2 O-O 5.a3 Bxc3+ 6.Qxc3 d6 7.Bg5 Nbd7 8.e3 b6
9.Ne2 Bb7 10.Qd3 a5 11.Nc3 a4 12.Qc2 Ra5 13.Bxf6 Nxf6 14.Nxa4 Be4 15.Qd1 Qa8
16.Nc3 Bxg2 17.Rg1 Bxf1 18.Kxf1 Rf5 19.Rg2 g6 20.Kg1 Ne4 21.Nxe4 Qxe4 22.Rc1 c5
23.Rg4 Qc6 24.b4 Ra8 25.b5 Qb7 26.a4 h5 27.Rg3 Qe4 28.Rc3 cxd4 29.f3 Rxf3  0-1

[Event "Open"]
[Site "Santo Domingo DOM"]
[Date "2003.12.03"]
[Round "8"]
[White "Alekseev,E"]
[Black "Nakamura,H"]
[Result "1/2-1/2"]
[WhiteElo "2613"]
[BlackElo "2565"]

1.c4 Nf6 2.Nc3 g6 3.e4 d6 4.d4 Bg7 5.Nf3 O-O 6.Be2 Na6 7.O-O e5 8.Re1 Bg4
9.d5 Nc5 10.Qc2 a5 11.Bg5 h6 12.Bh4 Qc8 13.Nd2 Bd7 14.b3 Nh7 15.f3 h5 16.Bf2 Bh6
17.Rab1 f5 18.a3 Nf6 19.Bf1 fxe4 20.Bxc5 Bxd2 21.Qxd2 dxc5 22.Qg5 Qe8 23.Rb2 Bf5
24.fxe4 Bd7 25.Rf2 Kg7 26.Be2 Nh7 27.Rxf8 Nxg5 28.Rxe8 Rxe8 29.Rb1 Ra8 30.Kf2  1/2-1/2

[Event "It"]
[Site "Pamplona ESP"]
[Date "2003.12.20"]
[Round "1"]
[White "Sutovsky,E"]
[Black "Nakamura,H"]
[Result "1-0"]
[WhiteElo "2646"]
[BlackElo "2565"]

1.e4 c5 2.Nf3 Nc6 3.Bb5 e6 4.Bxc6 bxc6 5.b3 d5 6.Qe2 Ne7 7.Ba3 Ng6 8.O-O Qa5
9.Bb2 Bd6 10.Bxg7 Nf4 11.Qe3 Rg8 12.e5 Nxg2 13.Qh6 Ne1 14.exd6 Nxf3+ 15.Kh1 Ba6
16.d3 Qd8 17.Nd2 Nxd2 18.Rg1 Qxd6 19.Qxd2 O-O-O 20.Qh6 Bb7 21.Bf6 Rxg1+ 22.Rxg1 Re8
23.Qxh7 Qf4 24.Rg8 Qxf6 25.Rxe8+ Kd7 26.Rg8 Qxf2 27.Qh3 c4 28.Qg2 Qf4 29.Rg3 Qc1+
30.Qg1 Qxc2 31.Qxa7 Qd1+ 32.Kg2 Qe2+ 33.Qf2 cxd3 34.Qxe2 dxe2 35.Kf2 d4 36.h4 c5
37.h5 Be4 38.Kxe2 e5 39.h6 Kc6 40.a4  1-0

[Event "It"]
[Site "Pamplona ESP"]
[Date "2003.12.26"]
[Round "5"]
[White "McShane,L"]
[Black "Nakamura,H"]
[Result "1/2-1/2"]
[WhiteElo "2649"]
[BlackElo "2565"]

1.e4 c5 2.Nf3 d6 3.c3 Nf6 4.Be2 Bd7 5.Qc2 Bc6 6.d3 Nbd7 7.O-O e6 8.c4 a6
9.Nc3 e5 10.a3 Be7 11.b4 b6 12.Be3 O-O 13.Nd2 Ne8 14.Bg4 Nc7 15.Nd5 Ne6 16.Rab1 g6
17.Bh6 Re8 18.Bxe6 fxe6 19.Nxe7+ Qxe7 20.f4 Qh4 21.Bg5 Qh5 22.Rf3 exf4 23.Bxf4 e5
24.Be3 Rf8 25.Rbf1 Rxf3 26.Nxf3 h6 27.b5 Bb7 28.bxa6 Rxa6 29.Qd2 g5 30.h4 gxh4
31.Bxh6 Rxa3 32.Bg5 h3 33.Nh4 Nf8 34.Qf2 Ne6 35.Qf6 Bc8 36.Ng6 Ra7 37.g3 h2+
38.Kh1 Qh3 39.Bh4 Nf4 40.Qh8+ Kf7 41.Qf6+ Kg8  1/2-1/2

[Event "It"]
[Site "Pamplona ESP"]
[Date "2003.12.27"]
[Round "6"]
[White "Illescas Cordoba,M"]
[Black "Nakamura,H"]
[Result "1-0"]
[WhiteElo "2602"]
[BlackElo "2565"]

1.d4 d5 2.c4 c6 3.Nf3 Nf6 4.e3 a6 5.Qc2 Bg4 6.Ne5 Bh5 7.cxd5 cxd5 8.Qb3 Ra7
9.Bd2 e6 10.Nc3 Be7 11.Bd3 O-O 12.O-O Nbd7 13.Nxd7 Nxd7 14.Rfc1 Bd6 15.Bf1 Qe7
16.e4 b5 17.e5 Bc7 18.Ne2 Bxe2 19.Bxe2 Rb8 20.Qd3 Bb6 21.Be3 Qe8 22.Rc2 Rc8
23.Rac1 Rxc2 24.Rxc2 Nb8 25.Qb3 Rc7 26.Rxc7 Bxc7 27.a4 bxa4 28.Qb7 Ba5 29.g3 h6
30.h4 Qf8 31.Bd1 Qb4 32.Qc8+ Qf8 33.Qb7 Qb4 34.Qxb4 Bxb4 35.Bxa4 Kf8 36.h5 a5
37.Bb5 Ke7 38.g4 Nd7 39.b3 Nf8 40.Bd3 Bc3 41.f4 f6 42.Kf2 Kf7 43.Ke2 Ke7
44.Ba6 Nd7 45.Kd3 Bb4 46.Bb5 f5 47.Bf2 Nf8 48.Bh4+ Kf7 49.gxf5 exf5 50.Bc6 Ke6
51.Bb7 g6 52.Bc8+ Kf7 53.e6+ Ke8 54.Bd7+ Nxd7 55.hxg6  1-0

[Event "It"]
[Site "Pamplona ESP"]
[Date "2003.12.28"]
[Round "7"]
[White "Nakamura,H"]
[Black "Pelletier,Y"]
[Result "1-0"]
[WhiteElo "2565"]
[BlackElo "2604"]

1.e4 c5 2.Nf3 e6 3.d4 cxd4 4.Nxd4 Nc6 5.Nc3 Qc7 6.Nb3 Nf6 7.Bd3 a6 8.O-O d6
9.f4 b5 10.Qf3 Bb7 11.Bd2 Be7 12.Rae1 b4 13.Na4 O-O 14.Be3 Rae8 15.Qh3 e5
16.Nb6 Nb8 17.Nd2 Bd8 18.Nbc4 Nbd7 19.b3 Nc5 20.fxe5 dxe5 21.Bf2 Bc8 22.Qf3 Be7
23.h3 Ne6 24.Bg3 Bc5+ 25.Kh1 Nd7 26.Ne3 Bxe3 27.Qxe3 Ndc5 28.Bc4 f6 29.Bd5 Kh8
30.Nc4 Rd8 31.a3 bxa3 32.b4 Na4 33.Qxa3 Nb6 34.Ne3 Nf4 35.c4 Nfxd5 36.exd5 f5
37.Bh4 Rde8 38.c5 Nd7 39.Nxf5 Nxc5 40.Nxg7 Qxg7 41.bxc5 e4 42.Rxf8+ Qxf8
43.d6 Qh6 44.Qc3+ Kg8 45.Qg3+  1-0

[Event "GMB"]
[Site "Wijk aan Zee NED"]
[Date "2004.01.10"]
[Round "1"]
[White "Nakamura,H"]
[Black "Hamdouchi,H"]
[Result "1/2-1/2"]
[WhiteElo "2571"]
[BlackElo "2588"]

1.d4 e6 2.e4 d5 3.Nc3 Nf6 4.Bg5 dxe4 5.Nxe4 Be7 6.Bxf6 Bxf6 7.Nf3 Nd7 8.Qd2 b6
9.O-O-O Bb7 10.Bd3 O-O 11.Qf4 c5 12.Ne5 Qc7 13.Nxf6+ Nxf6 14.Rhe1 cxd4 15.Qxd4 Rfd8
16.Qh4 Rac8 17.c3 h6 18.Qg3 b5 19.Bc2 Rxd1+ 20.Rxd1 Bd5 21.a3 a5 22.Rd4 Rb8
23.Rh4 h5 24.Nd7 Qxg3 25.Nxf6+ gxf6 26.hxg3 Bxg2 27.Rxh5 f5 28.Rh4 Rd8 29.a4 Bc6
30.g4 fxg4 31.Rxg4+ Kf8 32.Rg5 Rd5 33.Rxd5 exd5 34.axb5 Bxb5 35.Kd2 Ke7 36.Ke3 Kd6
37.Kd4 Bc6 38.Bd1 Bd7 39.Be2 f6 40.Bd1 Be6 41.Bb3 Bf7 42.f4 Be6 43.Ba4 Bc8
44.Bb5 Bb7 45.Be8 Ba6 46.b3 Be2 47.b4 axb4 48.cxb4 Bc4 49.Bg6 Ba6 50.Bd3 Bc8
51.b5 Bg4 52.Bg6 Bd7 53.Bd3 Bg4 54.Bf1 Bf5 55.Bg2 Bd7 56.b6 Kc6  1/2-1/2

[Event "GMB"]
[Site "Wijk aan Zee NED"]
[Date "2004.01.11"]
[Round "2"]
[White "Van der Wiel,J"]
[Black "Nakamura,H"]
[Result "1-0"]
[WhiteElo "2542"]
[BlackElo "2571"]

1.e4 c5 2.Nf3 Nc6 3.d4 cxd4 4.Nxd4 Nf6 5.Nc3 e5 6.Ndb5 d6 7.Bg5 a6 8.Na3 b5
9.Nd5 Be7 10.Bxf6 Bxf6 11.c3 Ne7 12.Nxf6+ gxf6 13.Bd3 d5 14.Qe2 Bb7 15.O-O-O Qb6
16.exd5 Nxd5 17.Be4 Nf4 18.Qf3 Bxe4 19.Qxe4 O-O 20.Nc2 Qe6 21.Ne3 Qxa2 22.g3 b4
23.gxf4 bxc3 24.Qb1 cxb2+ 25.Kd2 Rad8+ 26.Ke2 Qxb1 27.Rxb1 exf4 28.Rhg1+ Kh8
29.Nd1 Rd4 30.Nxb2 f3+ 31.Kxf3 Rb8 32.Rbe1 Rb3+ 33.Re3 Rxe3+ 34.fxe3 Rd2
35.Nc4 Rxh2 36.Nd6 h5 37.Ne8 Kh7 38.Rg7+ Kh6 39.Rxf7 Ra2 40.Rxf6+ Kg5 41.Rc6 Ra1
42.Nd6 Rf1+ 43.Kg2 Ra1 44.Ne4+ Kg4 45.Rc5 Ra2+ 46.Nf2+ Kh4 47.Kf3 Ra1 48.Kf4 a5
49.Rc2 a4 50.e4 Rb1 51.Rc3  1-0

[Event "GMB"]
[Site "Wijk aan Zee NED"]
[Date "2004.01.22"]
[Round "10"]
[White "Tiviakov,S"]
[Black "Nakamura,H"]
[Result "0-1"]
[WhiteElo "2600"]
[BlackElo "2571"]

1.e4 c5 2.Nc3 Nc6 3.Bb5 Qc7 4.Nf3 Nf6 5.O-O Nd4 6.Re1 a6 7.Bf1 Ng4 8.g3 Nxf3+
9.Qxf3 Ne5 10.Qe2 e6 11.Bg2 d6 12.b3 Be7 13.Bb2 Nc6 14.Nd1 Nd4 15.Qd3 Bf6
16.c3 Nc6 17.Ne3 O-O 18.Ng4 Be7 19.Qe2 Bd7 20.Red1 a5 21.d4 a4 22.Rab1 axb3
23.axb3 Ra2 24.Ne3 cxd4 25.cxd4 Bf6 26.e5 dxe5 27.dxe5 Be7 28.Nc4 Nb4 29.Nd6 Bc6
30.Qc4 Nd5 31.Bd4 Bxd6 32.exd6 Qd7 33.Bc5 Rc8 34.Qd4 Nf6 35.Bxc6 Rxc6 36.Ra1 Rxa1
37.Rxa1 Rc8 38.Ra7 Qc6 39.Ba3 h5 40.Qb4 b5 41.Qd4 Rd8 42.Rc7 Qf3 43.d7 e5
44.Qxe5 Qd1+ 45.Kg2 Rxd7 46.Rc5 h4 47.Qf5 Rd8 48.Bb2 Ng4 49.Rc8 Rxc8 50.Qxc8+ Kh7
51.Qf5+ Kg8 52.h3 Qxb3 53.Bxg7 Qxg3+ 54.fxg3 Ne3+ 55.Kf3 Nxf5 56.Bc3 hxg3
57.Bb4 Kg7 58.Bc5 Kg6 59.Kg4 g2 60.Kf3 b4 61.Kxg2 b3 62.Ba3 Ne3+ 63.Kf3 Nc4
64.Bc1 Kf5 65.h4 b2 66.Bxb2 Nxb2 67.h5 Kg5 68.Ke4 Kxh5 69.Kf5 Nc4  0-1

[Event "GMB"]
[Site "Wijk aan Zee NED"]
[Date "2004.01.24"]
[Round "12"]
[White "Stellwagen,D"]
[Black "Nakamura,H"]
[Result "1/2-1/2"]
[WhiteElo "2489"]
[BlackElo "2571"]

1.e4 c5 2.Nf3 Nc6 3.Bb5 Nf6 4.e5 Nd5 5.O-O g6 6.Nc3 Nc7 7.Bxc6 dxc6 8.d3 Bg7
9.h3 O-O 10.Ne4 Ne6 11.Re1 b6 12.a4 a5 13.Be3 f5 14.exf6 exf6 15.Qc1 Ra7
16.Bh6 Re7 17.Bxg7 Kxg7 18.Qd2 Rfe8 19.b3 Nd4 20.Nxd4 cxd4 21.Kf1 c5 22.Qf4 Re5
23.Nd2 Bb7 24.Rxe5 Rxe5 25.Nc4 Re6 26.f3 Bd5 27.Re1 Bxc4 28.dxc4 Rd6 29.Kg1 d3
30.cxd3 Rxd3 31.Re3 Rd1+ 32.Kh2 g5 33.Qg3 Kf7 34.f4 Qd6 35.fxg5 fxg5 36.Qxd6 Rxd6
37.g4 Re6 38.Rd3 Re2+ 39.Kg3 Ke6 40.Kf3 Rb2 41.Re3+ Kd6 42.Kg3 Rb1 43.Kg2 Rb2+  1/2-1/2

[Event "GMB"]
[Site "Wijk aan Zee NED"]
[Date "2004.01.25"]
[Round "13"]
[White "Nakamura,H"]
[Black "Fressinet,L"]
[Result "1-0"]
[WhiteElo "2571"]
[BlackElo "2636"]

1.e4 e5 2.Nf3 Nc6 3.d4 exd4 4.Bc4 Nf6 5.e5 Ne4 6.Qe2 Nc5 7.c3 dxc3 8.Nxc3 Be7
9.Be3 O-O 10.O-O-O Ne6 11.Ne4 Qe8 12.h4 d6 13.exd6 cxd6 14.Nxd6 Bxd6 15.Rxd6 Na5
16.Bd3 Qa4 17.Kb1 Nf4 18.Qc2 Qxc2+ 19.Bxc2 Ne6 20.b3 b6 21.Ng5 h6 22.Nxe6 Bxe6
23.Be4 Rac8 24.f3 Rfe8 25.Bf4 Re7 26.Rc1 Rce8 27.b4 Nb7 28.Rdc6 f5 29.Bd3 Kf7
30.Rc7 a5 31.Bb5 Rd8 32.Rxe7+ Kxe7 33.Rc7+ Kf6 34.Rxb7 Rd4 35.Bc1  1-0

[Event "91st NY Masters"]
[Site "New York USA"]
[Date "2004.02.10"]
[Round "4"]
[White "Nakamura,H"]
[Black "Yudasin,L"]
[Result "1/2-1/2"]
[WhiteElo "2571"]
[BlackElo "2568"]

1.c4 c5 2.Nc3 Nf6 3.g3 g6 4.Bg2 Bg7 5.Nf3 O-O 6.d4 cxd4 7.Nxd4 Nc6 8.Nc2 d6
9.O-O Bd7 10.b3 a6 11.Bb2 Rb8 12.Ne3 b5 13.Rc1 bxc4 14.Nxc4 Na5 15.Ne3 Bc6
16.Qd2 Bxg2 17.Kxg2 Nc6 18.Ncd5 Nxd5 19.Nxd5 Bxb2 20.Rxc6 Bg7 21.Rxa6 Kh8
22.e4 Qd7 23.Rc1 e6 24.Ne3 Qb7 25.Rac6 Ra8 26.Kg1 h5 27.h4 Kg8 28.Qc2 Bd4
29.Rc4 Bxe3 30.fxe3 Qa7 31.a4 Qxe3+ 32.Kg2 Rfb8 33.Rc3 Qd4 34.Qe2 Qe5 35.Qf3 d5
36.exd5 exd5 37.Rd1 Ra5 38.Rf1 Ra7 39.Qf4 Qxf4 40.Rxf4 Rab7 41.Rff3 d4 42.Rcd3 Rb4
43.Kf2 Rc8 44.Ke2 Rc2+ 45.Kd1 Rc7 46.Kd2 Kg7 47.Rf4 Rd7 48.Kc2 f6 49.Kb2 g5
50.hxg5 fxg5 51.Re4 Kf6 52.Ka3 Kf5 53.Re1 Rb8 54.b4 h4 55.gxh4 gxh4 56.b5 Rh8
57.Rh1 Ke4 58.Rhh3 Rc7 59.b6 Rc1 60.Rb3 Kd5 61.a5 Kc6 62.Rhf3 Rc3 63.Rf6+ Kb7
64.Rf7+ Kb8 65.a6 Rxb3+ 66.Kxb3 h3 67.Rb7+ Ka8 68.Ra7+  1/2-1/2